000 01412cam a2200337 a 4500
001 3013641
003 OSt
005 20240723095623.0
008 940324s1995 enkb b s001 0 eng
010 _a 94010527
020 _a0821410881
020 _a082141089X (paper)
040 _cMUST
043 _afe-----
082 0 0 _a291.6 REV 1995
_220
245 0 0 _aRevealing prophets :
_bprophecy in Eastern African history /
_cedited by David M. Anderson & Douglas H. Johnson.
260 _aLondon :
_bJames Curry ;
_aAthens :
_bOhio University Press,
_c1995.
300 _ax, 310 p. :
_bmaps ;
_c22 cm.
490 1 _aEastern African studies
504 _aIncludes bibliographical references (p. 292-302) and index.
650 0 _aProphets
_zAfrica, East
_xHistory.
_918919
651 0 _aAfrica, East
_xReligion.
_918920
700 1 _aAnderson, David,
_d1957-
_918921
700 1 _aJohnson, Douglas H.
_q(Douglas Hamilton),
_d1949-
_918922
830 0 _aEastern African studies (London, England)
_95008
856 4 2 _3Contributor biographical information
_uhttp://www.loc.gov/catdir/enhancements/fy1315/94010527-b.html
856 4 2 _3Publisher description
_uhttp://www.loc.gov/catdir/enhancements/fy1315/94010527-d.html
906 _a7
_bcbc
_corignew
_d1
_eocip
_f19
_gy-gencatlg
942 _2ddc
_cO_SHELF
999 _c9258
_d9258